Nicholas Sparks Novels Quiz Stats

 Plays Quiz Retired Jul 7, 2021

Support Sporcle.
Go Orange.
Score 0/21 Timer 05:00
0 Plays Today
Year Book % Correct
1996The Notebook
96.4%
1999A Walk to Remember
73.6%
2006Dear John
63.5%
2002Nights in Rodanthe
54.6%
1998Message in a Bottle
52.9%
2013The Longest Ride
50.8%
2003The Wedding
49.6%
2015See Me
36.2%
2020The Return
35%
2003The Guardian
33.5%
2001A Bend in the Road
32.9%
Year Book % Correct
2008The Lucky One
32.3%
2007The Choice
30.1%
2000The Rescue
29.6%
2016Two by Two
29%
2018Every Breath
25.2%
2005True Believer
23.3%
2005At First Sight
22.6%
2009The Last Song
15.1%
2010Safe Haven
12.6%
2011The Best of Me
8.1%

From the Vault

Novel by Protagonist

by Derek

We are all protagonists in our own story...but these folks are interesting enough to read about.
Remove Ads.
Support Sporcle.
Get the best of Sporcle when you Go Orange. This ad-free experience offers more features, more stats, and more fun while also helping to support Sporcle. Thank you for becoming a member.

Show Comments

Extras

Top Quizzes Today


Score Distribution

Your Account Isn't Verified!

In order to create a playlist on Sporcle, you need to verify the email address you used during registration. Go to your Sporcle Settings to finish the process.

Report this User

Report this user for behavior that violates our Community Guidelines.

Details: